000 00499nam a2200193Ia 4500
003 OSt
005 20251117110547.0
008 240719s9999 xx 000 0 und d
020 _a9780008534967
040 _c1
041 _aeng
082 _a823 JAC
100 _aJackson Holly
245 _aA Good Girl's Guide to Murder (Set Of 3 )
260 _aLondon
_bFarshore HarperCollins
_c2021
300 _a1456;. P. 22 CM
520 _aFaculty Purchase By Dr. Jitendra Sharma
942 _2ddc
_cBK
999 _c41503
_d41503